Rationalities of planning: development versus environment in planning for housing (Record no. 101893)
[ view plain ]
| 000 -LEADER | |
|---|---|
| fixed length control field | 01058cam a2200265 4500 |
| 008 - FIXED-LENGTH DATA ELEMENTS--GENERAL INFORMATION | |
| fixed length control field | 020219n2002 000 0 eng u |
| 020 ## - INTERNATIONAL STANDARD BOOK NUMBER | |
| International Standard Book Number | 1840149299 |
| 035 ## - SYSTEM CONTROL NUMBER | |
| System control number | (Sirsi) u116745 |
| 041 ## - LANGUAGE CODE | |
| Language code of text/sound track or separate title | eng. |
| 050 ## - LIBRARY OF CONGRESS CALL NUMBER | |
| Classification number | 711.1 |
| 100 ## - MAIN ENTRY--PERSONAL NAME | |
| Personal name | Murdoch, J. |
| 100 ## - MAIN ENTRY--PERSONAL NAME | |
| Personal name | Abram, S. |
| 245 ## - TITLE STATEMENT | |
| Title | Rationalities of planning: development versus environment in planning for housing |
| 260 ## - PUBLICATION, DISTRIBUTION, ETC. | |
| Place of publication, distribution, etc. | Aldershot |
| Name of publisher, distributor, etc. | Ashgate |
| Date of publication, distribution, etc. | 2002 |
| 300 ## - PHYSICAL DESCRIPTION | |
| Extent | x,163p. |
| Dimensions | 23cm. |
| 350 ## - PRICE (NR) (BK AM CF MU VM SE) [OBSOLETE] | |
| Price | 37.50 |
| 520 ## - SUMMARY, ETC. | |
| Summary, etc. | Reviews planning policy in the UK. Examines the impact of the recent shift from a 'developmental' rationality to a rationality of 'sustainable development' at the national, regional and legal tiers of planning for housing. Considers whether planning for sustainable development can provide a satisfactory basis upon which to re-establish contemporary planning. |
| 650 ## - SUBJECT ADDED ENTRY--TOPICAL TERM | |
| Topical term or geographic name entry element | PLANNING POLICY |
| 650 ## - SUBJECT ADDED ENTRY--TOPICAL TERM | |
| Topical term or geographic name entry element | Environment |
| 9 (RLIN) | 6238 |
| 650 ## - SUBJECT ADDED ENTRY--TOPICAL TERM | |
| Topical term or geographic name entry element | DEVELOPMENT |
| 650 ## - SUBJECT ADDED ENTRY--TOPICAL TERM | |
| Topical term or geographic name entry element | SUSTAINABLE DEVELOPMENT |
| 650 ## - SUBJECT ADDED ENTRY--TOPICAL TERM | |
| Topical term or geographic name entry element | HOUSING |
| 690 ## - LOCAL SUBJECT ADDED ENTRY--TOPICAL TERM (OCLC, RLIN) | |
| Topical term or geographic name as entry element | Planning and development |
| 9 (RLIN) | 6259 |
| 942 ## - ADDED ENTRY ELEMENTS (KOHA) | |
| Suppress in OPAC | 0 |
| Withdrawn status | Lost status | Source of classification or shelving scheme | Damaged status | Not for loan | Home library | Current library | Shelving location | Date acquired | Cost, normal purchase price | Total Checkouts | Full call number | Barcode | Date last seen | Date last checked out | Copy number | Cost, replacement price | Price effective from | Koha item type |
|---|---|---|---|---|---|---|---|---|---|---|---|---|---|---|---|---|---|---|
| Dewey Decimal Classification | London | London | Books | 21/05/2002 | 33.75 | 6 | 711.1 MUR | 30065866 | 06/08/2019 | 12/06/2007 | 1 | 33.75 | 06/08/2019 | Book |